000 00388 a2200157 4500
020 _a9698527672
040 _aDLC
_bDLC
082 _a891.4391
110 _aShahzad Nayyer
245 _aBerfaab (nazmian)
_cShahzad Nayyer
_hurdu
260 _bKaghadhi paerahen
300 _a25p.
_c24cm,
500 _aIncludes Index
650 _aUrdu Literature--Poetry
942 _cBK
_k891.4391 SHA
_2ddc
999 _c8858
_d8858